Lễ hội đập trống của người Ma Coong ở xã Thượng Trạch, huyện Bố Trạch, tỉnh Quảng Bình.

Khái quát về điều kiện tự nhiên, đặc điểm dân cư và kinh tế - xã hội của người Macoong ở xã Thượng Trạch, huyện Bố Trạch tỉnh Quảng Bình. Lễ hội đập trống của người Macoong ở xã Thượng Trạch, huyện Bố Trạch, tỉnh Quảng Bình. Thực trạng và giải pháp bảo tồn, phát huy giá trị truyền thống trong lễ hội...

Πλήρης περιγραφή

Αποθηκεύτηκε σε:
Λεπτομέρειες βιβλιογραφικής εγγραφής
Κύριος συγγραφέας: Võ, Thị Thu Thơm (Tác giả)
Άλλοι συγγραφείς: Trần Thị Mai An Th.S (Hướng dẫn)
Μορφή: Βιβλίο
Γλώσσα:Vietnamese
Έκδοση: Đà Nẵng Đại học Sư phạm 2011
Θέματα:
Ετικέτες: Προσθήκη ετικέτας
Δεν υπάρχουν, Καταχωρήστε ετικέτα πρώτοι!
Thư viện lưu trữ: Mạng thư viện Đại học Đà Nẵng
LEADER 01782nam a2200349 4500
001 000012298
003 8592
005 20120217110257.0
008 120217s2011 viesd
041 |a vie 
072 |a Khóa luận tốt nghiệp 
082 |a 959.745  |b VO-T 
100 |a Võ, Thị Thu Thơm  |e Tác giả 
245 |a Lễ hội đập trống của người Ma Coong ở xã Thượng Trạch, huyện Bố Trạch, tỉnh Quảng Bình.  |c Võ Thị Thu Thơm 
260 |a Đà Nẵng  |b Đại học Sư phạm  |c 2011 
300 |a 69 tr.  |c 29 cm 
500 |a Khóa luận tốt nghiệp khoa Lịch sử. Lớp 07 CVNH 
520 |a Khái quát về điều kiện tự nhiên, đặc điểm dân cư và kinh tế - xã hội của người Macoong ở xã Thượng Trạch, huyện Bố Trạch tỉnh Quảng Bình. Lễ hội đập trống của người Macoong ở xã Thượng Trạch, huyện Bố Trạch, tỉnh Quảng Bình. Thực trạng và giải pháp bảo tồn, phát huy giá trị truyền thống trong lễ hội đập trống của người Macoong. 
653 |a Lễ hội đập trống 
653 |a Macoong 
653 |a Xã Thượng Trạch, huyện Bố Trạch, tỉnh Quảng Bình 
700 |a Trần Thị Mai An  |c Th.S  |e Hướng dẫn 
OWN |a LSP 
AVA |a UDN50  |b LSP  |d 959.745 VO-T  |e available  |t Error 5001 Not defined in file expand_doc_bib_avail.  |f 1  |g 0  |h N  |i 0  |k 1 
999 |a From the UDN01 
AVA |a UDN50  |b LSP  |d 959.745 VO-T  |e available  |t Error 5001 Not defined in file expand_doc_bib_avail.  |f 1  |g 0  |h N  |i 0  |k 1 
TYP |a Monograph 
TYP |a Printed language 
980 |a Mạng thư viện Đại học Đà Nẵng